| 000 | 00635nmc a2200241 a 4500 | ||
|---|---|---|---|
| 003 | AR-BaBNM | ||
| 005 | 20251128211624.0 | ||
| 008 | 025020s1961 ||||||||||||||000 | spa|| | ||
| 040 | _cAR-BaBNM | ||
| 100 | 1 | _aWilde, Oscar | |
| 245 | 1 | 0 |
_aEl retrato de Dorian Gray _bnovela |
| 260 |
_aBuenos Aires _bCompañía General Fabril Editora _c1961 |
||
| 300 | 0 | _a189 p. | |
| 490 | 0 | _aLos libros del mirasol | |
| 650 | 4 | _aLITERATURA INGLESA | |
| 650 | 4 | _aSIGLO DIECINUEVE | |
| 650 | 4 | _aNOVELAS | |
| 653 | _aLITERATURA FANTASTICA | ||
| 655 | _aLITERATURA | ||
| 700 | 1 |
_aMerino, Santos _etraductor |
|
| 942 | _cBK | ||
| 998 | _cmartin | ||
| 999 |
_c20465 _d20465 |
||